Patriarcha and other political works / (Record no. 2705)
[ view plain ]
| 000 -LEADER | |
|---|---|
| fixed length control field | 01056cam a2200289 a 4500 |
| 001 - CONTROL NUMBER | |
| control field | 15712614 |
| 003 - CONTROL NUMBER IDENTIFIER | |
| control field | GZU |
| 005 - DATE AND TIME OF LATEST TRANSACTION | |
| control field | 20201105095110.0 |
| 008 - FIXED-LENGTH DATA ELEMENTS--GENERAL INFORMATION | |
| fixed length control field | 090424r20091949nju 000 0 eng |
| 010 ## - LIBRARY OF CONGRESS CONTROL NUMBER | |
| LC control number | 2009017516 |
| 020 ## - INTERNATIONAL STANDARD BOOK NUMBER | |
| International Standard Book Number | 9781412810258 (alk. paper) |
| 020 ## - INTERNATIONAL STANDARD BOOK NUMBER | |
| International Standard Book Number | 1412810256 (alk. paper) |
| 035 ## - SYSTEM CONTROL NUMBER | |
| System control number | (OCoLC)ocn286471820 |
| 040 ## - CATALOGING SOURCE | |
| Original cataloging agency | DLC |
| Transcribing agency | DLC |
| Modifying agency | YDX |
| -- | BTCTA |
| -- | YDXCP |
| -- | DLC |
| 050 00 - LIBRARY OF CONGRESS CALL NUMBER | |
| Classification number | JC153 |
| Item number | .F513 2009 |
| 082 00 - DEWEY DECIMAL CLASSIFICATION NUMBER | |
| Classification number | 321/.6 |
| Edition number | 22 |
| 100 1# - MAIN ENTRY--PERSONAL NAME | |
| Personal name | Filmer, Robert, |
| Dates associated with a name | 1588?-1653. |
| 245 10 - TITLE STATEMENT | |
| Title | Patriarcha and other political works / |
| Statement of responsibility, etc. | Robert Filmer ; edited with an introduction by Peter Laslett. |
| 260 ## - PUBLICATION, DISTRIBUTION, ETC. | |
| Place of publication, distribution, etc. | New Brunswick [N.J.] : |
| Name of publisher, distributor, etc. | Transaction Publishers, |
| Date of publication, distribution, etc. | [2009] |
| 300 ## - PHYSICAL DESCRIPTION | |
| Extent | 326 p. ; |
| Dimensions | 23 cm. |
| 650 #0 - SUBJECT ADDED ENTRY--TOPICAL TERM | |
| Topical term or geographic name entry element | Political science. |
| 650 #0 - SUBJECT ADDED ENTRY--TOPICAL TERM | |
| Topical term or geographic name entry element | Monarchy. |
| 700 1# - ADDED ENTRY--PERSONAL NAME | |
| Personal name | Laslett, Peter. |
| 906 ## - LOCAL DATA ELEMENT F, LDF (RLIN) | |
| a | 7 |
| b | cbc |
| c | orignew |
| d | 1 |
| e | ecip |
| f | 20 |
| g | y-gencatlg |
| 942 ## - ADDED ENTRY ELEMENTS (KOHA) | |
| Source of classification or shelving scheme | Library of Congress Classification |
| Koha item type | Books |
| Classification part | 153 |
| Item part | FIL |
| Call number prefix | JC |
| Call number suffix | 2009 |
| Withdrawn status | Lost status | Damaged status | Not for loan | Collection code | Home library | Current library | Shelving location | Date acquired | Total Checkouts | Full call number | Barcode | Date last seen | Copy number | Price effective from | Koha item type |
|---|---|---|---|---|---|---|---|---|---|---|---|---|---|---|---|
| Non-fiction | City Campus Library | City Campus Library | General Stacks | 11/05/2020 | JC153 FIL 2009 | 024989 | 11/05/2020 | c.1 | 11/05/2020 | Books |